بين الدين والفلسفة : في رأي ابن رشد وفلاسفة العصر الوسيط / Bayna al-dīn wa-al-falsafah : fī raʼy Ibn Rushd wa-falāsifatal-ʻAṣr al-Wasīṭ / (Record no. 81071)
[ view plain ]
| 000 -LEADER | |
|---|---|
| fixed length control field | 01030nam a2200253 a 4500 |
| 001 - CONTROL NUMBER | |
| control field | 81071 |
| 003 - CONTROL NUMBER IDENTIFIER | |
| rucl marc code | BD-RjUL |
| 005 - DATE AND TIME OF LATEST TRANSACTION | |
| control field | 20230114184136.0 |
| 008 - FIXED-LENGTH DATA ELEMENTS--GENERAL INFORMATION | |
| fixed length control field | 160725s1959 ua 000 0 ara d |
| 035 ## - SYSTEM CONTROL NUMBER | |
| System control number | (BD-RjUL)81071 |
| 040 ## - CATALOGING SOURCE | |
| Original cataloging agency | HAI |
| Language of cataloging | eng |
| Transcribing agency | BD-RjUL |
| 041 0# - LANGUAGE CODE | |
| Language code of text/sound track or separate title | ara |
| 082 ## - DEWEY DECIMAL CLASSIFICATION NUMBER | |
| Edition number | 23 |
| Classification number | 181 |
| Author mark and year | MUB 1959 |
| 100 1# - MAIN ENTRY--PERSONAL NAME | |
| Personal name | Musa, Muhammad Yusuf موسى، محمد يوسف |
| 9 (RLIN) | 6567 |
| 245 10 - TITLE STATEMENT | |
| Title | بين الدين والفلسفة : في رأي ابن رشد وفلاسفة العصر الوسيط / Bayna al-dīn wa-al-falsafah : fī raʼy Ibn Rushd wa-falāsifatal-ʻAṣr al-Wasīṭ / |
| Statement of responsibility, etc. | محمد يوسف موسى.,taʼlīf Muḥammad Yūsuf Mūsá. |
| 260 ## - PUBLICATION, DISTRIBUTION, ETC. (IMPRINT) | |
| Place of publication, distribution, etc. | مصر : |
| Name of publisher, distributor, etc. | دار المعارف، |
| Date of publication, distribution, etc. | [١٩٥٩] |
| 300 ## - PHYSICAL DESCRIPTION | |
| Pagination | ٢٤٠ ص. ؛ |
| Size | ٢٥ س. |
| 490 1# - SERIES STATEMENT | |
| Series statement | مكتبة الدراسات الفلسفية |
| 500 ## - GENERAL NOTE | |
| General note | السلسلة على الغلاف |
| 600 04 - SUBJECT ADDED ENTRY--PERSONAL NAME | |
| Personal name | Averroës, |
| Dates associated with a name | 1126-1198. |
| 650 #4 - SUBJECT ADDED ENTRY--TOPICAL TERM | |
| Topical term or geographic name as entry element | Islamic philosophy. |
| 830 #0 - SERIES ADDED ENTRY--UNIFORM TITLE | |
| Uniform title | مكتبة الدراسات الفلسفية |
| 942 ## - ADDED ENTRY ELEMENTS (KOHA) | |
| Source of classification or shelving scheme | Dewey Decimal Classification |
| Koha item type | Books |
| Lost status | Source of classification or shelving scheme | Damaged status | Not for loan | Collection code | Permanent Location | Current Location | Shelving location | Date acquired | Source of acquisition | Cost, normal purchase price | Full call number | Date last seen | Copy number | Koha item type |
|---|---|---|---|---|---|---|---|---|---|---|---|---|---|---|
| Dewey Decimal Classification | Not For Loan | Non-fiction | Central Library, University of Rajshahi | Central Library, University of Rajshahi | Reading Room | 02/05/1967 | maktabat i ishaqiah | 13.00 | A 181.947 MUB 1959 | 14/01/2023 | C-1 | Books |